logo

Bir Sreshtho Munshi Abdur Rouf Library
Jhenaidah Cadet College

Physical chemistry / (Record no. 12136)

MARC details
000 -LEADER
fixed length control field 00689nam a2200265 a 4500
001 - CONTROL NUMBER
JCCL Control Number 12136
003 - CONTROL NUMBER IDENTIFIER
JCCL marc code BD-JhCC
005 - DATE AND TIME OF LATEST TRANSACTION
control field 20220207134017.0
008 - FIXED-LENGTH DATA ELEMENTS--GENERAL INFORMATION
fixed length control field 210318s2015 ii a|||| |||| 001 0 eng d
020 ## - INTERNATIONAL STANDARD BOOK NUMBER
International Standard Book Number 9781259062544
020 ## - INTERNATIONAL STANDARD BOOK NUMBER
International Standard Book Number 1259062546
020 ## - INTERNATIONAL STANDARD BOOK NUMBER
International Standard Book Number 9789332901360
020 ## - INTERNATIONAL STANDARD BOOK NUMBER
International Standard Book Number 9332901368
035 ## - SYSTEM CONTROL NUMBER
system control number (BD-JhCC)12136
040 ## - CATALOGING SOURCE
Original cataloging agency BD-JhCC
Modifying agency BD-JhCC
041 ## - LANGUAGE CODE
Language code of Book eng
082 ## - DEWEY DECIMAL CLASSIFICATION NUMBER
Classification number 541.3
Author mark and Year MAD 2015
100 ## - MAIN ENTRY--PERSONAL NAME
Personal name Madan, R L
245 ## - TITLE STATEMENT
Title Physical chemistry /
Statement of responsibility, etc Madan, R L
260 ## - PUBLICATION, DISTRIBUTION, ETC. (IMPRINT)
Place of publication, distribution, etc New Delhi :
Name of publisher, distributor, etc McGraw Hill,
Date of publication, distribution, etc 2015
300 ## - PHYSICAL DESCRIPTION
Pagination xxiii, 1089 p. :
Other physical details ill. ;
Dimensions 23 cm.
504 ## - BIBLIOGRAPHY, ETC. NOTE
Bibliography, etc Includes index.
650 ## - SUBJECT ADDED ENTRY--TOPICAL TERM
Topical term or geographic name as entry element Chemistry, Physical and theoretical
942 ## - ADDED ENTRY ELEMENTS (KOHA)
Source of classification or shelving scheme Dewey Decimal Classification
Koha item type Books
Koha issues (borrowed), all copies 1
Holdings
Source of classification or shelving scheme Damaged status Not for loan Home library Current library Shelving location Date of accession Cost, normal purchase price Total Checkouts Full call number Barcode Date last seen Date checked out Copy number Koha item type
Dewey Decimal Classification     JCC Rouf Library JCC Rouf Library General Stacks 03/18/2021 1148.00 1 541.3 MAD 2015 16605 06/19/2022 02/07/2022 C-1 Books

JCC Library | Contacts | JCC Home

Last Update on 23 September 2017
Copyright @ 2017-2020 JCC Rouf Library
Rouf Library, Jhenidah Cadet College (JCC), Bangladesh